[Event "Herbert W. Gustafson Memorial Open, S47099"]
[Site "CCLA"]
[Date "2014.10.27"]
[Round "?"]
[White "Avery, Bryce"]
[Black "Catania, Duane"]
[Result "1/2-1/2"]
[WhiteElo "1663"]
[BlackElo "1774"]

1. c4 e6 2. e4 c5 3. Nf3 Nc6 4. Nc3 g6 5. d4 cxd4 6. Nxd4 a6 7. Be3 Bg7 8.
 Be2 Nge7 9. O-O O-O 10. f4 Nxd4 11. Bxd4 Nc6 12. Bxg7 Kxg7 13. Kh1 Rb8 
14. Qd6 Qe7 15. Rad1 Qxd6 16. Rxd6 b6 17. Rfd1 f6 18. Bf3 e5 19. f5 Nd4 
20. Ne2 Nxf3 21. gxf3 gxf5 22. exf5 Kh6 23. Nc3 Bb7 24. Kg2 Bc6 25. Ne4 
Bxe4 26. fxe4 Rbc8 27. b3 b5 28. cxb5 axb5 29. R1d2 Rg8+ 30. Kf3 Rc3+ 31. 
R6d3 Rc1 32. Rxd7 Rf1+ 33. Rf2 Rc1 34. Rd3 b4 35. Re2 Kh5 36. Ke3 Rgg1 37.
 Rd6 Rc3+ 38. Kd2 Ra1 39. Rxf6 Rxa2+ 40. Ke1 Ra1+ 41. Kf2 Rxb3 42. Re6 Rc3
43. Rxe5 b3 44. Rb5 Kg4 45. Rb7 h5 46. Rg7+ Kf4 47. f6 Ra8 48. e5 b2 49. 
Rxb2 1/2-1/2

[Event "Herbert W. Gustafson Memorial Open, S47029"]
[Site "CCLA"]
[Date "2014.10.27"]
[Round "?"]
[White "O'Sullivan, Rory"]
[Black "Anderson, Aaron J."]
[Result "0-1"]
[WhiteElo "2227"]
[BlackElo "2308"]

1. Nf3 c5 2. e4 e6 3. Nc3 a6 4. d4 cxd4 5. Qxd4 Nc6 6. Qd3 Qc7 7. g3 d6 8.
 Bg2 Nf6 9. Bg5 Be7 10. O-O-O b5 11. Bxf6 gxf6 12. Kb1 O-O 13. Nh4 Ne5 14.
 Qe3 Bb7 15. f4 Nc4 16. Qf3 f5 17. exf5 Bxf3 18. Bxf3 Rac8 19. b3 Na3+ 20.
 Kb2 Qxc3+ 21. Kxa3 d5# 0-1

[Event "Herbert W. Gustafson Memorial Open, S47119"]
[Site "CCLA"]
[Date "2014.10.27"]
[Round "?"]
[White "Smiley, William R."]
[Black "Blankenship, Jerry T."]
[Result "1-0"]
[WhiteElo "1530"]
[BlackElo "1599"]

1. e4 c5 2. Nf3 e6 3. d4 cxd4 4. Nxd4 Nf6 5. Nd2 e5 6. N4f3 Nc6 7. a3 Be7 
8. Bb5 d6 9. h3 Bd7 10. O-O O-O 11. Re1 Rc8 12. Bd3 Qc7 13. c4 Nd4 14. b4 
Rfe8 15. Nxd4 exd4 16. Bb2 h6 17. Bxd4 b6 18. Rc1 Bc6 19. Be3 Bb7 20. Bf4 
Nd7 21. Rc2 Ne5 22. Bf1 Rcd8 23. Qc1 Bf6 24. Nb1 Ng6 25. c5 1-0

[Event "Regular Quad, S40469"]
[Site "CCLA"]
[Date "2014.12.29"]
[Round "?"]
[White "Anderson, Lawrence D."]
[Black "Acosta, Errol"]
[Result "1-0"]
[WhiteElo "1365"]
[BlackElo "1365"]

1. e4 c5 2. Nf3 e6 3. d4 cxd4 4. Nxd4 Nf6 5. Nc3 Bb4 6. e5 Ne4 7. Qg4 Qa5 
8. Qxe4 Bxc3+ 9. Ke2 Bxd4 10. Qxd4 Nc6 11. Qd2 Qxe5+ 12. Qe3 Nd4+ 13. Kd1 
Qd6 14. Bd3 O-O 15. Bd2 Nf5 16. Qe2 b5 17. Bxf5 exf5 18. Re1 Ba6 19. Qe5 
Qg6 20. g3 Rae8 21. Qxe8 Qg4+ 22. Kc1 Qf3 23. Qe2 Qc6 24. b4 d5 25. Bf4 
Rc8 26. Qd3 Bb7 27. Re2 d4 28. Rb1 Qh1+ 29. Kb2 Qd5 30. Ka1 h5 31. h4 Kh7 
32. Ree1 Rc3 33. Qe2 d3 34. cxd3 Bc8 35. Qxh5+ 1-0

[Event "Premier Quad, S40389"]
[Site "CCLA"]
[Date "2014.11.24"]
[Round "?"]
[White "Catania, Duane"]
[Black "Beavan, Robert"]
[Result "1/2-1/2"]
[WhiteElo "1774"]
[BlackElo "1937"]

1. e4 c5 2. Nf3 e6 3. d4 cxd4 4. Nxd4 a6 5. Be2 Nf6 6. Bf3 d6 7. O-O Nbd7 
8. Re1 Ne5 9. c3 Be7 10. Nd2 O-O 11. Nf1 Nxf3+ 12. Qxf3 d5 13. e5 Ne4 14. 
Qe2 f6 15. f3 fxe5 16. fxe4 exd4 17. cxd4 dxe4 18. Qxe4 Bf6 19. Be3 Qd5 
20. Ng3 Bd7 21. Rac1 Bc6 22. Qxd5 Bxd5 23. b3 Rfc8 24. Ne2 Rxc1 25. Rxc1 
g5 26. Ng3 Bc6 27. Rf1 Be7 28. Ne2 1/2-1/2

[Event "NA Master/Expert Server Championship, S40099"]
[Site "CCLA"]
[Date "2014.04.30"]
[Round "?"]
[White "Young III, William C."]
[Black "McLaughlin, James"]
[Result "1/2-1/2"]
[WhiteElo "2104"]
[BlackElo "2046"]

1. e4 c5 2. Nf3 e6 3. d4 cxd4 4. Nxd4 a6 5. Bd3 Bc5 6. Nb3 Be7 7. f4 d6 8.
 Be3 Nc6 9. N1d2 Nf6 10. g4 e5 11. f5 h5 12. gxh5 Nxh5 13. Rg1 Bh4+ 14. 
Kf1 g6 15. Qf3 Be7 16. Be2 gxf5 17. exf5 Nf6 18. Rd1 d5 19. c4 d4 20. Bg5 
Kf8 21. Rg2 a5 22. Kg1 a4 23. Bxf6 Bxf6 24. Nc5 d3 25. Nxd3 Nd4 26. Qf1 
Nc2 27. Qf3 Qd4+ 28. Kh1 Ne3 29. Ne4 Nxd1 30. Bxd1 Ra6 31. Nb4 Rh4 32. 
Nxf6 Rxf6 33. Nd5 Rhh6 34. Nxf6 Rxf6 35. Rg4 Qxb2 36. Qd5 Qb6 37. Qxe5 
Qc6+ 38. Kg1 1/2-1/2

[Event "2014 Server Championship, S40029"]
[Site "CCLA"]
[Date "2014.01.27"]
[Round "?"]
[White "Lewis, James W."]
[Black "Anderson, Aaron J."]
[Result "0-1"]
[WhiteElo "2098"]
[BlackElo "2308"]

1. e4 c5 2. Nf3 e6 3. d4 cxd4 4. Nxd4 a6 5. Bd3 Bc5 6. Nb3 Be7 7. Qe2 d6 
8. f4 Qc7 9. Be3 Nf6 10. N1d2 e5 11. O-O-O a5 12. a3 a4 13. Na1 Bg4 14. 
Nf3 O-O 15. h3 Bd7 16. f5 d5 17. Bg5 Re8 18. h4 dxe4 19. Bxe4 Nxe4 20. 
Qxe4 f6 21. Be3 Qc6 22. Qg4 Qc8 23. Qg3 Bxf5 24. h5 Qe6 25. h6 g6 26. Kb1 
b5 27. Nh4 Nc6 28. Nxf5 Qxf5 29. Rdf1 Qe6 30. c3 b4 31. axb4 Bxb4 32. Qf3 
Be7 33. Rd1 Rab8 34. Qd5 Qxd5 35. Rxd5 Kf7 36. Nc2 Rb3 37. Bc1 Reb8 38. 
Ka2 f5 39. Rhd1 Ke6 40. R5d2 R3b7 41. Re2 Rd8 42. Rde1 e4 43. g4 Rd3 44. 
gxf5+ gxf5 45. Rg2 Rbd7 46. Bf4 Rd1 47. Ree2 Bf6 48. Ne3 R1d3 49. Bg5 Rf7 
50. Bxf6 Kxf6 51. Nc4 Ne5 52. Nb6 Rd6 53. Nxa4 Ra7 54. b3 Nd3 55. Rc2 f4 
56. Kb1 f3 57. Rg1 Re7 58. c4 e3 59. Rf1 e2 60. Rxe2 Rxe2 61. Rxf3+ Kg6 
62. Rf1 Kxh6 63. Rh1+ Kg7 64. Rd1 Re1 65. Rxe1 Nxe1 66. b4 h5 67. b5 Rd4 
68. Nb6 h4 69. Kb2 h3 70. Kc3 Rd3+ 0-1

[Event "Premier Quad, S40409"]
[Site "CCLA"]
[Date "2014.11.24"]
[Round "?"]
[White "Clancey, James"]
[Black "Stroup, Jim"]
[Result "1/2-1/2"]
[WhiteElo "2053"]
[BlackElo "1768"]

1. e4 c5 2. Nf3 e6 3. d4 cxd4 4. Nxd4 a6 5. Bd3 Nf6 6. O-O Qc7 7. Qe2 d6 
8. c4 g6 9. Nc3 Bg7 10. Rd1 O-O 11. Nf3 Nc6 12. h3 Nd7 13. Bf4 Bxc3 14. 
bxc3 e5 15. Bh6 Re8 16. Bc2 Nc5 17. Rab1 Na5 18. Be3 Be6 19. Nd2 Rab8 20. 
Bg5 Bd7 21. Qe3 Be6 22. Bf6 Nd7 23. Bg5 Nxc4 24. Nxc4 Bxc4 25. a4 a5 26. 
f4 b5 27. axb5 Rxb5 28. Ba4 Rxb1 29. Rxb1 f6 30. Bxd7 Qxd7 31. Bxf6 a4 32.
 Ra1 Re6 33. fxe5 dxe5 34. Qc5 Bb3 35. Bxe5 Qe7 36. Bd4 Qxc5 37. Bxc5 Rxe4
38. Kf2 Kf7 39. Re1 Rxe1 40. Kxe1 Ke6 41. Kd2 Kd5 42. Ba3 Ke4 43. Be7 Be6 
1/2-1/2

[Event "NA Class B Server Championship, S40119"]
[Site "CCLA"]
[Date "2014.04.30"]
[Round "?"]
[White "Fausey, Verna M."]
[Black "Zarges, Ron V."]
[Result "1/2-1/2"]
[WhiteElo "1747"]
[BlackElo "1651"]

1. e4 c5 2. Nf3 e6 3. d4 cxd4 4. Nxd4 a6 5. Nc3 b5 6. Bd3 Bb7 7. O-O Ne7 
8. Bg5 h6 9. Be3 Nbc6 10. Nxc6 Nxc6 11. f4 Rc8 12. a3 g6 13. Qf3 d6 14. e5
d5 15. Ne2 Na5 16. Qg3 Nc4 17. Bd4 Nd2 18. Rfd1 Ne4 19. Qe3 Nc5 20. Rac1 
Be7 21. Qh3 Nxd3 22. Rxd3 Bc5 23. Bxc5 Rxc5 24. Nd4 Qe7 25. Rcd1 Kf8 26. 
Qg4 Rg8 27. Kh1 h5 28. Qg3 Kg7 29. c3 Kh7 30. Nb3 Rc7 31. Na5 f5 32. exf6 
Qxf6 33. Nxb7 Rxb7 34. Qe3 Rc8 35. g3 Rc4 36. R3d2 h4 37. Re1 Re4 38. Qf2 
Rxe1+ 39. Qxe1 hxg3 40. Qxg3 Kg8 41. Re2 Rh7 42. Qe3 Re7 43. Rg2 Kf7 44. 
Qc5 Qf5 45. Qg1 Qe4 46. Qf2 Qb1+ 47. Qg1 Qxg1+ 48. Rxg1 Rc7 49. h3 Rc4 50.
 Rg4 Re4 51. Kh2 Re2+ 52. Rg2 Re3 53. Rg3 Re2+ 1/2-1/2

[Event "Premier Quad, S40409"]
[Site "CCLA"]
[Date "2014.11.24"]
[Round "?"]
[White "Silverman, Robert"]
[Black "Stroup, Jim"]
[Result "0-1"]
[WhiteElo "1871"]
[BlackElo "1768"]

1. e4 c5 2. Nf3 e6 3. Nc3 a6 4. d4 cxd4 5. Nxd4 Qc7 6. Be3 Bb4 7. Bd3 
Bxc3+ 8. bxc3 Qxc3+ 9. Kf1 Nf6 10. e5 Nd5 11. Qe1 Nxe3+ 12. fxe3 Qxe1+ 13.
 Kxe1 Nc6 14. Nxc6 dxc6 15. Ke2 Ke7 16. c4 c5 17. Rhf1 Bd7 18. Be4 Rab8 
19. Rf4 b5 20. Raf1 Be8 21. Rg4 g6 22. Rb1 Bd7 23. cxb5 axb5 24. Rf4 Rhd8 
25. Rc1 c4 26. h4 b4 27. g4 Bb5 28. Ke1 c3 29. a3 Rd2 30. Bc2 bxa3 31. Rf2
Rbd8 32. Bb3 Rb2 33. Bd1 Rdd2 0-1

[Event "Continuous Server Series, S40079"]
[Site "CCLA"]
[Date "2014.03.17"]
[Round "?"]
[White "Catania, Duane"]
[Black "Stroup, Jim"]
[Result "0-1"]
[WhiteElo "1774"]
[BlackElo "1768"]

1. e4 c5 2. Nf3 e6 3. d4 cxd4 4. Nxd4 a6 5. Nc3 Qc7 6. Be2 b5 7. O-O Bb7 
8. f3 Nf6 9. Kh1 Be7 10. Be3 O-O 11. a3 d5 12. exd5 Nxd5 13. Nxd5 Bxd5 14.
 Rc1 Rd8 15. Qe1 Nd7 16. c3 Nb6 17. b3 Bxa3 18. Ra1 Bb2 19. Rb1 Bxc3 20. 
Qf2 Nd7 21. Bd3 Ne5 22. Bc2 Rac8 23. Nxb5 axb5 24. Bb6 Qd6 25. Bxd8 Qxd8 
26. f4 Bd4 27. Qe2 Ng4 28. Bxh7+ Kxh7 29. Qxg4 Rc2 0-1

[Event "Premier Quad, S40389"]
[Site "CCLA"]
[Date "2014.11.24"]
[Round "?"]
[White "Sereni, Vincent T."]
[Black "Beavan, Robert"]
[Result "1/2-1/2"]
[WhiteElo "2118"]
[BlackElo "1937"]

1. e4 c5 2. Nf3 e6 3. Nc3 a6 4. Be2 Nc6 5. d4 cxd4 6. Nxd4 Qc7 7. Be3 Nf6 
8. O-O Bb4 9. Nxc6 bxc6 10. Qd4 c5 11. Qc4 O-O 12. Bf3 d6 13. Rfd1 Bxc3 
14. bxc3 Bb7 15. Bf4 e5 16. Bg5 Ne8 17. Bh4 h6 18. Qd3 c4 19. Qe3 f5 20. 
exf5 Rxf5 21. Bxb7 Qxb7 22. Rab1 Qf7 23. Bg3 Qe6 24. Rb6 Qc8 25. Rdb1 Rf7 
26. f3 Qf5 27. Qe2 Rc7 28. a4 Rc5 29. Bf2 Rcc8 30. a5 Qf7 31. Qd1 Ra7 32. 
Qd2 Qe6 33. Rd1 Qf7 34. Rdb1 Qe6 35. Re1 Qf7 36. Rd1 Raa8 37. Rdb1 Qe6 38.
 Rd1 Qf7 39. Qe2 1/2-1/2

[Event "Regular Quad, S40349"]
[Site "CCLA"]
[Date "2014.10.13"]
[Round "?"]
[White "Mueller, Anthony"]
[Black "Acosta, Errol"]
[Result "0-1"]
[WhiteElo "1367"]
[BlackElo "1365"]

1. e4 c5 2. Nf3 d6 3. Bd3 e5 4. h3 Nf6 5. c3 g6 6. Bc2 Bg7 7. O-O Nc6 8. 
d4 cxd4 9. cxd4 exd4 10. Nxd4 O-O 11. Nxc6 bxc6 12. Nc3 Re8 13. Re1 Ba6 
14. Bg5 Qb6 15. Qxd6 Rad8 16. Qf4 Qxb2 17. Bxf6 Bxf6 18. Qxf6 Qxc2 19. 
Qxc6 Re6 20. Rac1 Qxc1 21. Rxc1 Rxc6 0-1

[Event "Summer Server Series, S40051"]
[Site "CCLA"]
[Date "2014.07.28"]
[Round "?"]
[White "Sereni, Vincent T."]
[Black "Quirk, Michael"]
[Result "1-0"]
[WhiteElo "2118"]
[BlackElo "2205"]

1. e4 c5 2. Nf3 d6 3. Bc4 Nf6 4. Nc3 a6 5. a4 Nc6 6. d4 cxd4 7. Nxd4 e6 8.
 O-O Be7 9. Nxc6 bxc6 10. Bf4 d5 11. Bd3 Nd7 12. exd5 cxd5 13. Qh5 Nc5 14.
 Rad1 Nxd3 15. Rxd3 g6 16. Qh6 Bf8 17. Qh3 Be7 18. Bh6 Rg8 19. Bd2 h5 20. 
Re1 Qd6 21. Qe3 Bb7 22. Nxd5 exd5 23. Qd4 Kd7 24. Rb3 Bf6 25. Rxb7+ Kc8 
26. Qb6 Qxb6 27. Rxb6 Bd4 28. Rb4 Bf6 29. Rf4 Bg5 30. Rd4 Bxd2 31. Rxd2 
Rb8 32. b3 Rd8 33. Red1 Rb7 34. Rxd5 Rxd5 35. Rxd5 Rc7 36. Rd2 Rc3 37. Kf1
Kc7 38. Ke1 h4 39. h3 Rc5 40. c4 Rg5 41. Kf1 a5 42. Rd4 Rh5 43. Rf4 f5 44.
 Rd4 Rh8 45. Rd5 Ra8 46. Ke2 Kc6 47. Ke3 Rb8 48. Rb5 Re8+ 49. Kd4 Rd8+ 50.
 Rd5 Ra8 51. Re5 Kd7 52. Ke3 Kd6 53. Rb5 Kc6 54. Kf4 Re8 55. Rxa5 Re2 56. 
Kf3 Rb2 57. Rb5 Ra2 58. a5 Ra3 59. Kf4 Ra2 60. Ke3 Kd7 61. b4 1-0

[Event "2014 Server Championship, S40029"]
[Site "CCLA"]
[Date "2014.01.27"]
[Round "?"]
[White "Lewis, James W."]
[Black "Galvin, John H."]
[Result "1/2-1/2"]
[WhiteElo "2098"]
[BlackElo "2191"]

1. e4 c5 2. Nf3 d6 3. Bc4 a6 4. c3 Nf6 5. d3 Nc6 6. Bb3 e6 7. O-O Be7 8. 
Re1 O-O 9. Nbd2 b5 10. Nf1 Bb7 11. h3 Qc7 12. Ng3 Rfd8 13. a4 d5 14. e5 
Nd7 15. d4 cxd4 16. cxd4 h6 17. Nh5 Rdc8 18. Nh2 Nf8 19. Be3 Ng6 20. axb5 
axb5 21. Rxa8 Bxa8 22. Qg4 Nb4 23. Rc1 Qd7 24. Rc3 Bc6 25. Nf4 Nh4 26. Bd2
Nf5 27. Nf3 Kh8 28. Nh5 Qa7 29. Rc1 Nd3 30. Bc2 Nxc1 31. Bxf5 Rg8 32. Bxe6
fxe6 33. Nf4 Nb3 34. Qxe6 Be8 35. Be3 Na5 36. Nxd5 Bd8 37. Nb4 Nc4 38. b3 
Qa1+ 39. Kh2 Nxe3 40. fxe3 Qc3 41. Qd6 Bh5 42. Nd5 Qxb3 43. g4 Bxg4 44. 
hxg4 Ba5 45. e6 Qd1 1/2-1/2

[Event "2014 Server Championship, S40029"]
[Site "CCLA"]
[Date "2014.01.27"]
[Round "?"]
[White "Lewis, James W."]
[Black "Edwards, K. E. D. G."]
[Result "0-1"]
[WhiteElo "2098"]
[BlackElo "2319"]

1. e4 c5 2. Nf3 d6 3. Bc4 Nf6 4. d3 Nc6 5. c3 a6 6. Bb3 Bg4 7. Nbd2 e6 8. 
h3 Bh5 9. Nf1 d5 10. Ng3 Bxf3 11. gxf3 Qc7 12. f4 O-O-O 13. Qe2 h5 14. e5 
Nd7 15. Nxh5 c4 16. dxc4 d4 17. Bd1 g5 18. fxg5 Ndxe5 19. Kf1 d3 20. Qe1 
Nxc4 21. Qe4 N6e5 22. Bf4 Bd6 23. b3 Nb2 24. Nf6 Rh4 25. Kg2 Ng6 26. Bxd6 
Qxd6 27. Ng4 d2 28. f3 Rh5 29. Qe3 Nh4+ 30. Kf1 Nf5 31. Qe5 Qc6 32. Be2 
d1=Q+ 33. Rxd1 Nxd1 34. Kg2 Nh4+ 35. Kg3 Nxc3 36. Nf6 Nxe2+ 37. Qxe2 Qc7+ 
0-1

[Event "Regular Quad, S40269"]
[Site "CCLA"]
[Date "2014.09.08"]
[Round "?"]
[White "Gunning, Edward E."]
[Black "Anderson, Lawrence D."]
[Result "0-1"]
[WhiteElo "1350"]
[BlackElo "1365"]

1. e4 c5 2. Bc4 d6 3. d3 Nf6 4. Nf3 g6 5. O-O Bg7 6. Ng5 O-O 7. Nc3 a6 8. 
f3 e6 9. b3 b5 10. Bxb5 axb5 11. Nxb5 Ba6 12. Nc3 Nc6 13. Qd2 Ne5 14. f4 
Ned7 15. f5 Ne5 16. Qf4 Nh5 17. Qd2 Bf6 18. Nxh7 Kxh7 19. Qe2 exf5 20. 
exf5 Bc8 21. Qe4 Bd7 22. fxg6+ fxg6 23. Bf4 Be6 24. a4 Qe7 25. Rae1 Bf5 
26. Qd5 Be6 27. Qe4 Qd7 28. Bxe5 Bxe5 29. Nd5 Bd4+ 30. Ne3 Rab8 31. Kh1 
Rxf1+ 32. Nxf1 Re8 33. Qh4 Bf7 34. Rxe8 Qxe8 35. h3 Kg7 36. Kh2 Qe5+ 37. 
Ng3 Bf2 0-1

[Event "NA Class D Server Championship, S40139"]
[Site "CCLA"]
[Date "2014.04.30"]
[Round "?"]
[White "Selby, Robin"]
[Black "Anderson, Lawrence D."]
[Result "1-0"]
[WhiteElo "1230"]
[BlackElo "1365"]

1. e4 c5 2. Nf3 d6 3. Nc3 Nf6 4. Be2 g6 5. Rb1 Bg7 6. d4 cxd4 7. Nxd4 O-O 
8. O-O a6 9. h3 Bd7 10. Nf3 Nc6 11. a3 Be6 12. Re1 Nd7 13. Qd2 Rc8 14. Qg5
f6 15. Qh4 Rf7 16. Kh1 f5 17. Ng5 fxe4 18. Qxh7+ Kf8 19. Nxe6+ Ke8 20. 
Nxd8 Rxd8 21. Qg8+ Nf8 22. Bc4 Ne5 23. Bxf7+ Nxf7 24. Qxg7 d5 25. Qd4 Ne6 
26. Qa4+ Kf8 27. Be3 Kg7 28. Bd4+ Kg8 29. Re3 Neg5 30. h4 Ne6 31. Rd1 Nxd4
32. Qxd4 e5 33. Qd2 Nh6 34. Rg3 Kg7 35. Qg5 Rd6 36. Qxe5+ 1-0

[Event "Regular Quad, S40359"]
[Site "CCLA"]
[Date "2014.10.20"]
[Round "?"]
[White "Mueller, Anthony"]
[Black "Eife, Gunter"]
[Result "0-1"]
[WhiteElo "1367"]
[BlackElo "1448"]

1. e4 c5 2. Nf3 d6 3. Bd3 Nc6 4. c3 Nf6 5. Bc2 Bg4 6. h3 Bxf3 7. Qxf3 g6 
8. O-O Bg7 9. Na3 O-O 10. Re1 Ne5 11. Qg3 Nh5 12. Qg5 Bf6 13. Qe3 e6 14. 
d4 cxd4 15. cxd4 Nc6 16. e5 dxe5 17. dxe5 Bxe5 18. Nc4 Bd4 19. Qe4 Nf6 20.
 Qf3 Qd5 21. Qxd5 Nxd5 22. Nd6 b6 23. Be3 Bxb2 24. Rab1 Nxe3 25. Rxb2 Nxc2
26. Rxc2 Ne7 27. Rc7 Nd5 28. Rd7 Rad8 29. Rxd8 Rxd8 30. Nb7 Rd7 31. Rc1 
Rxb7 32. Rc8+ Kg7 33. Kf1 a5 34. a4 Rc7 35. Rxc7 Nxc7 36. Ke2 Nd5 37. Kd3 
Kf6 38. Kc4 Ke5 39. Kb5 Kd4 0-1

[Event "Premier Quad, S40279"]
[Site "CCLA"]
[Date "2014.09.12"]
[Round "?"]
[White "Catania, Duane"]
[Black "Silverman, Robert"]
[Result "0-1"]
[WhiteElo "1774"]
[BlackElo "1871"]

1. e4 c5 2. Nf3 d6 3. Bb5+ Nd7 4. O-O e5 5. d3 Be7 6. Nc3 Nf6 7. Ne2 O-O 
8. Ng3 Nb6 9. c3 a6 10. Ba4 Nxa4 11. Qxa4 Bg4 12. Nd2 b5 13. Qc2 Nh5 14. 
h3 Nxg3 15. fxg3 Be6 16. Nf3 f5 17. Bd2 fxe4 18. dxe4 Qe8 19. Kh2 a5 20. 
Rae1 a4 21. a3 Bb3 22. Qc1 Qg6 23. Nh4 Bxh4 24. gxh4 Rxf1 25. Rxf1 Qxe4 
26. Bg5 Ra7 27. Rf3 Bc4 28. Qd1 Rd7 29. Rg3 Qe2 30. Qxe2 Bxe2 31. Re3 Bc4 
32. Rf3 d5 33. Rf5 h6 34. Bd2 Re7 35. g4 d4 36. cxd4 cxd4 37. g5 e4 38. 
Bb4 Re8 39. Bc5 e3 40. Bxd4 e2 41. Bf2 e1=Q 42. Bxe1 Rxe1 43. Rc5 Re2+ 44.
 Kg3 Rxb2 45. g6 Rb3+ 46. Kf4 Kh8 0-1

[Event "Premier Quad, S40409"]
[Site "CCLA"]
[Date "2014.11.24"]
[Round "?"]
[White "Smail, John"]
[Black "Clancey, James"]
[Result "0-1"]
[WhiteElo "1836"]
[BlackElo "2053"]

1. e4 c5 2. Nf3 d6 3. Bb5+ Nd7 4. O-O Nf6 5. Re1 a6 6. Bf1 b6 7. d4 cxd4 
8. Qxd4 Bb7 9. Nc3 e6 10. Bg5 Be7 11. Rad1 O-O 12. Bh4 Qc7 13. Bg3 e5 14. 
Qd2 Nc5 15. Bd3 b5 16. b4 Nxd3 17. cxd3 Rfc8 18. Rc1 Qd8 19. d4 a5 20. a3 
axb4 21. axb4 Rc4 22. d5 Rxb4 23. Rb1 Qa5 24. Qd3 Rxb1 25. Rxb1 b4 26. Nd1
Ba6 27. Qe3 Qc5 28. Nd2 Qxe3 29. Nxe3 Nxe4 0-1

[Event "Premier Quad, S40409"]
[Site "CCLA"]
[Date "2014.11.24"]
[Round "?"]
[White "Smail, John"]
[Black "Silverman, Robert"]
[Result "0-1"]
[WhiteElo "1836"]
[BlackElo "1871"]

1. e4 c5 2. Nf3 d6 3. Bb5+ Nd7 4. d4 a6 5. Bxd7+ Bxd7 6. O-O c4 7. Re1 h6 
8. h3 g5 9. Nbd2 Rc8 10. e5 d5 11. Nf1 e6 12. Ng3 Be7 13. Nh5 c3 14. b3 b5
15. a3 Kf8 16. Nh2 f5 17. exf6 Nxf6 18. Nxf6 Bxf6 19. Ng4 Be7 20. Qd3 Kg7 
21. Ne5 Be8 22. f4 Qb6 23. Qg3 Qxd4+ 24. Be3 Qe4 25. fxg5 Kh7 26. Nf3 Rg8 
27. Bf4 Bc5+ 28. Kh2 Qxc2 29. Rxe6 Rg6 30. Rae1 Bf7 31. Rxg6 Qxg6 32. Ne5 
Qf5 33. Nxf7 Qxf7 34. Qg4 Rc6 35. h4 hxg5 36. hxg5 Kg8 37. g3 Bxa3 38. Kg2
d4 39. Rh1 Qd5+ 40. Qf3 Qxf3+ 41. Kxf3 d3 0-1

[Event "Open Server Series, S40209"]
[Site "CCLA"]
[Date "2014.06.13"]
[Round "?"]
[White "Catania, Duane"]
[Black "Capuzzi, Gabriele"]
[Result "1/2-1/2"]
[WhiteElo "1774"]
[BlackElo "1775"]

1. e4 c5 2. Nf3 d6 3. Bb5+ Nc6 4. O-O Bd7 5. Bxc6 Bxc6 6. d3 g6 7. Re1 Bg7
8. c3 e6 9. d4 d5 10. exd5 Qxd5 11. dxc5 Qxc5 12. Be3 Qa5 13. Nbd2 Rd8 14.
 Qb3 Nf6 15. Nc4 Qh5 16. Nd4 Bd5 17. Qb5+ Rd7 18. Nd6+ Ke7 19. c4 Ng4 20. 
cxd5 Qxh2+ 21. Kf1 Nxe3+ 22. fxe3 Qxd6 23. dxe6 fxe6 24. Rad1 Qc7 25. Qb4+
Kf7 26. Nb5 Qd8 27. Rxd7+ Qxd7 28. Nd6+ Kg8 29. Nxb7 h5 30. Qb3 Kh7 31. 
Nc5 Rf8+ 32. Ke2 Qc6 33. Nxe6 Qxg2+ 34. Kd3 Rf2 35. Nxg7 Rd2+ 36. Kc3 Kxg7
37. Rd1 Rxd1 38. Qxd1 Qc6+ 39. Kb3 Qb6+ 40. Kc2 Qxe3 41. Qd7+ Kh6 42. Qd8 
Qf2+ 43. Kb3 h4 44. Ka4 Kh5 45. Qd7 Qxb2 46. a3 Qc2+ 47. Kb4 Qf2 48. Qh7+ 
Kg5 49. Qe7+ Qf6 50. Qxa7 h3 51. Qg1+ Kh5 52. Qd1+ Kh6 53. Qg4 Qf5 54. 
Qh4+ Kg7 55. Qe7+ Kg8 56. Qh4 g5 57. Qh5 Kg7 58. a4 Qf4+ 59. Kb5 h2 60. 
Qh3 g4 61. Qc3+ Kg6 62. Qc6+ Kg5 63. Qg2 g3 64. a5 Qf2 65. Qa8 Qf1+ 66. 
Kb6 g2 67. Qg8+ Kh4 68. Qh7+ Kg3 69. Qg7+ Kf4 70. Qf6+ Ke3 71. Qe5+ Kd2 
72. Qb2+ Ke3 1/2-1/2

[Event "2014 Server Championship, S40029"]
[Site "CCLA"]
[Date "2014.01.27"]
[Round "?"]
[White "Galvin, John H."]
[Black "Weiner, Jerry"]
[Result "0-1"]
[WhiteElo "2191"]
[BlackElo "2302"]

1. e4 c5 2. Nf3 d6 3. Bb5+ Bd7 4. Bxd7+ Nxd7 5. O-O Ngf6 6. Qe2 e6 7. Nc3 
Be7 8. d3 Rc8 9. a4 O-O 10. a5 a6 11. Bf4 Nh5 12. Bd2 Nhf6 13. Rfb1 Qc7 
14. Na4 Nb8 15. b4 cxb4 16. Nb6 Rcd8 17. Bxb4 Nc6 18. Bd2 d5 19. e5 Nd7 
20. d4 Nxb6 21. axb6 Qd7 22. Rb3 Rc8 23. Qd3 f5 24. exf6 Bxf6 25. Re1 Qf7 
26. Bc3 Rfe8 27. h3 Nb8 28. Re2 Rc6 29. Re3 Rec8 30. Qd2 Nd7 31. Ba5 Rxc2 
32. Qd3 R8c6 33. Re1 Ra2 34. Bd2 Qg6 35. Qf1 Qf5 36. Rc1 Rac2 37. Rcb1 Bd8
38. Ba5 Bg5 39. Rd1 Bf4 40. Bd2 Bxd2 41. Nxd2 Rxb6 42. Rf3 Qg6 43. Qe1 Qe8
44. Nb3 Rbc6 45. Re3 b5 46. Na5 Rd6 47. Rc1 Rxc1 48. Qxc1 Nf8 49. Rc3 h6 
50. Rc8 Rd8 51. Rc7 Kh7 52. Nb7 Rd7 53. Rc8 Qf7 54. Nc5 Ra7 55. Rc6 Qf6 
56. Qb1+ Qg6 57. Qb2 Qf5 58. Rxa6 Rxa6 59. Nxa6 Ng6 60. g3 Qxh3 61. Qxb5 
Qg4 62. Qd3 Kg8 63. Kh2 Ne7 64. Qe3 Kf7 65. Nc5 h5 66. Nd7 Nc6 67. Qc3 
Qxd4 68. Qxc6 Qxf2+ 69. Kh1 Qxg3 70. Qc5 Qh4+ 71. Kg1 Ke8 72. Qd6 Qe7 0-1

[Event "Herbert W. Gustafson Memorial, S47189"]
[Site "CCLA"]
[Date "2014.10.27"]
[Round "?"]
[White "Haase, F. Philip"]
[Black "Williams, Rufus H."]
[Result "1/2-1/2"]
[WhiteElo "1641"]
[BlackElo "1309"]

1. e4 c5 2. Nf3 d6 3. Bb5+ Bd7 4. Bxd7+ Qxd7 5. O-O e6 6. c3 Nf6 7. Qe2 
Be7 8. d4 cxd4 9. Nxd4 Nc6 10. Na3 Nxd4 11. cxd4 O-O 12. Rd1 Qc6 13. Bg5 
Rfe8 14. e5 Nd5 15. Bxe7 Rxe7 16. Rac1 Qe8 17. exd6 Rd7 18. Nb5 b6 19. Nc7
Nxc7 20. dxc7 Rc8 21. d5 1/2-1/2

[Event "2014 Server Championship, S40029"]
[Site "CCLA"]
[Date "2014.01.27"]
[Round "?"]
[White "Galvin, John H."]
[Black "Edwards, K. E. D. G."]
[Result "1/2-1/2"]
[WhiteElo "2191"]
[BlackElo "2319"]

1. e4 c5 2. Nf3 d6 3. Bb5+ Bd7 4. Bxd7+ Qxd7 5. O-O Nc6 6. Qe2 e6 7. Rd1 
Be7 8. d4 cxd4 9. Nxd4 Nf6 10. c4 Nxd4 11. Rxd4 Qc7 12. Nc3 O-O 13. b3 a6 
14. Rd3 Rfd8 15. Rg3 Nd7 16. Bh6 g6 17. Rd1 Bf6 18. Bf4 Be5 19. Bxe5 dxe5 
20. Rgd3 Nf6 21. f3 Kg7 22. Kf1 Rd4 23. Qe3 Rad8 24. Rxd4 Rxd4 25. Rxd4 
exd4 26. Qxd4 Qxh2 27. Ne2 h5 28. e5 Qh1+ 29. Kf2 Ng8 30. Qe4 Ne7 31. Qxb7
Qh4+ 1/2-1/2

[Event "NA Class B Server Championship, S40119"]
[Site "CCLA"]
[Date "2014.04.30"]
[Round "?"]
[White "Catania, Duane"]
[Black "McLaughlin, Ed"]
[Result "1-0"]
[WhiteElo "1774"]
[BlackElo "1561"]

1. e4 c5 2. Nf3 d6 3. Bb5+ Bd7 4. Bxd7+ Qxd7 5. O-O Nc6 6. Re1 g6 7. d3 
Bg7 8. Nc3 Nf6 9. Ne2 O-O 10. c3 b5 11. Ng3 a5 12. d4 Rfd8 13. Qe2 cxd4 
14. cxd4 Rab8 15. Bg5 Ng4 16. Rad1 h5 17. e5 Qa7 18. h3 Nh6 19. exd6 Rxd6 
20. d5 h4 21. Ne4 1-0

[Event "Regular Quad, S40359"]
[Site "CCLA"]
[Date "2014.10.20"]
[Round "?"]
[White "Eife, Gunter"]
[Black "Williams, Rufus H."]
[Result "1-0"]
[WhiteElo "1448"]
[BlackElo "1222"]

1. e4 c5 2. Nf3 d6 3. Bb5+ Bd7 4. Bxd7+ Qxd7 5. O-O Nf6 6. Re1 Nc6 7. c3 
e6 8. d3 Be7 9. b3 O-O 10. Bg5 b6 11. Nbd2 b5 12. a4 b4 13. c4 e5 14. Nf1 
a5 15. Ne3 Nd4 16. Nxd4 exd4 17. Nf5 h6 18. Bf4 Nh7 19. Qg4 Bg5 20. Bxg5 
Nxg5 21. Nxh6+ gxh6 22. Qxd7 Rad8 23. Qg4 1-0